Katalog Plus
Bibliothek der Frankfurt UAS
Bald neuer Katalog: sichern Sie sich schon vorab Ihre persönlichen Merklisten im Nutzerkonto: Anleitung.

Mikroökonomik

Titel: Mikroökonomik : Endlich verständlich erklärt / von Joachim L. Zuckarelli
Verfasser:
Ausgabe: 1st ed. 2023
Veröffentlicht: Wiesbaden : Springer Fachmedien Wiesbaden, 2023
Umfang: 1 Online-Ressource (XII, 387 Seiten) : 87 Abb.
Format: E-Book
Sprache: Deutsch
RVK-Notation:
Schlagworte:
Andere Ausgaben: Erscheint auch als Druck-Ausgabe: Zuckarelli, Joachim L. Mikroökonomik. - Wiesbaden : Springer Fachmedien Wiesbaden, 2023
ISBN: 9783658382001 ; 3658382007 ; 978--365838199-8
Buchumschlag
X
alg: 50547515
001A    $06055:03-03-23 
001B    $06055:01-01-26 $t04:51:07.000 
001D    $06055:03-03-23 
001U    $0utf8 
001X    $00 
002@    $0Oax 
002C    $aText $btxt $2rdacontent 
002D    $aComputermedien $bc $2rdamedia 
002E    $aOnline-Ressource $bcr $2rdacarrier 
003@    $0505475154 
004A    $A978-3-658-38200-1 
004A    $03-658-38200-7 
004E/04 $0SpringerNature-11775 $fSubject Collection Business and Economics (German Language) 
004O    $A978---365838199-8 $Sp 
004P    $010.1007/978-3-658-38200-1 $SV603 
007A    $0505475154 $aHEB 
007I    $0Springer978-3-658-38200-1 
009P    $qtext/html $3Inhaltsverzeichnis $uhttp://scans.hebis.de/HEBCGI/show.pl?50547515_toc.html $mX:DE-He213 
009P    $qtext/html $3Ausführliche Beschreibung $uhttp://scans.hebis.de/HEBCGI/show.pl?50547515_aub.html $mX:DE-He213 
009Q    $SV603 $uhttps://doi.org/10.1007/978-3-658-38200-1 $xR 
010@    $ager 
010E    $erda 
011@    $a2023 
017B    $aZDB-2-SWI 
021A    $aMikroökonomik $dEndlich verständlich erklärt $hvon Joachim L. Zuckarelli 
028A    $aZuckarelli $BVerfasser $dJoachim L $4aut 
032@    $a1st ed. 2023 
033A    $pWiesbaden $nSpringer Fachmedien Wiesbaden 
033E    $pCham $nSpringer International Publishing AG 
034D    $a1 Online-Ressource (XII, 387 Seiten) 
034M    $a87 Abb. 
039D    $aErscheint auch als $tMikroökonomik $dWiesbaden $eSpringer Fachmedien Wiesbaden $f2023 $z978-3-658-38199-8 $lZuckarelli, Joachim L $nDruck-Ausgabe 
044A    $aMicroeconomics $S#0 $N650 
044A    $aMicroeconomics $S14 $N650 
044K    $RWirtschaftstheorie $RVolkswirtschaftslehre $#Microeconomics $#Microéconomie $#Microeconomía $#Mikroökonomik $#Mikroökonomie $#Mikroökonomie $#Mikroökonomik $74039225-9 $8Mikroökonomie [Ts1] $9085106909 
045B    $a338.5 $eDDC23eng 
045E    $c330 
045Z    $8QC 100 [Tkv] $9411124374 

lok: 50547515 3
101B    $006-03-23 $t07:56:31.000 
101C    $006-03-23 
101U    $0utf8 
145S/01 $a008 

exp: 50547515 3 1 #EPN
201B/01 $006-03-23 $t07:56:30.000 
201C/01 $004-03-23 
201U/01 $0utf8 
203@/01 $01228321795 
204P/01 $010.1007/978-3-658-38200-1 $SV603 
208@/01 $a04-03-23 $bl 
209B/01 $a502 $x05 

lok: 50547515 5

exp: 50547515 5 1 #EPN
201B/01 $004-03-23 $t03:11:34.283 
201C/01 $004-03-23 
201U/01 $0utf8 
203@/01 $01228321809 
204P/01 $010.1007/978-3-658-38200-1 $SV603 
208@/01 $a04-03-23 $bl 

lok: 50547515 8

exp: 50547515 8 1 #EPN
201B/01 $004-03-23 $t03:11:34.286 
201C/01 $004-03-23 
201U/01 $0utf8 
203@/01 $01228321817 
204P/01 $010.1007/978-3-658-38200-1 $SV603 
208@/01 $a04-03-23 $bl 

lok: 50547515 10

exp: 50547515 10 1 #EPN
201B/01 $004-03-23 $t03:11:34.289 
201C/01 $004-03-23 
201U/01 $0utf8 
203@/01 $01228321825 
204P/01 $010.1007/978-3-658-38200-1 $SV603 
208@/01 $a04-03-23 $bl 

lok: 50547515 11

exp: 50547515 11 1 #EPN
201B/01 $004-03-23 $t03:11:34.291 
201C/01 $004-03-23 
201U/01 $0utf8 
203@/01 $01228321833 
204P/01 $010.1007/978-3-658-38200-1 $SV603 
208@/01 $a04-03-23 $bl 

lok: 50547515 20

exp: 50547515 20 1 #EPN
201B/01 $004-03-23 $t03:11:34.294 
201C/01 $004-03-23 
201U/01 $0utf8 
203@/01 $01228321841 
204P/01 $010.1007/978-3-658-38200-1 $SV603 
208@/01 $a04-03-23 $bl 

lok: 50547515 21

exp: 50547515 21 1 #EPN
201B/01 $004-03-23 $t03:11:34.296 
201C/01 $004-03-23 
201U/01 $0utf8 
203@/01 $0122832185X 
204P/01 $010.1007/978-3-658-38200-1 $SV603 
208@/01 $a04-03-23 $bl 

lok: 50547515 23

exp: 50547515 23 1 #EPN
201B/01 $004-03-23 $t03:11:34.299 
201C/01 $004-03-23 
201U/01 $0utf8 
203@/01 $01228321868 
204P/01 $010.1007/978-3-658-38200-1 $SV603 
208@/01 $a04-03-23 $bl 

lok: 50547515 25

exp: 50547515 25 1 #EPN
201B/01 $004-03-23 $t03:11:34.301 
201C/01 $004-03-23 
201U/01 $0utf8 
203@/01 $01228321876 
204P/01 $010.1007/978-3-658-38200-1 $SV603 
208@/01 $a04-03-23 $bl 

lok: 50547515 49

exp: 50547515 49 1 #EPN
201B/01 $011-10-24 $t00:45:28.080 
201C/01 $010-10-24 
201U/01 $0utf8 
203@/01 $01277163707 
204P/01 $010.1007/978-3-658-38200-1 $SV603 
208@/01 $a10-10-24 $bl 

lok: 50547515 204

exp: 50547515 204 1 #EPN
201B/01 $004-03-23 $t03:11:34.304 
201C/01 $004-03-23 
201U/01 $0utf8 
203@/01 $01228321884 
204P/01 $010.1007/978-3-658-38200-1 $SV603 
208@/01 $a04-03-23 $bl 

lok: 50547515 205

exp: 50547515 205 1 #EPN
201B/01 $019-07-24 $t14:13:28.000 
201C/01 $004-03-23 
201U/01 $0utf8 
203@/01 $01228321892 
204P/01 $010.1007/978-3-658-38200-1 $SV603 
208@/01 $a04-03-23 $bla 
209B/01 $aebo $x05 
209B/01 $aspw $x06 
209C/01 $anel2407qa
LEADER 00000cam a22000002c 4500
001 505475154
003 DE-603
005 20260101045107.0
007 cr||||||||||||
008 230303s2023 xx |||| o| u00||u|ger c
020 |a 9783658382001 
020 |a 3658382007 
024 7 |a 10.1007/978-3-658-38200-1  |2 doi 
028 5 2 |a SpringerNature-11775 
035 |a (DE-599)HEB505475154 
040 |a DE-603  |b ger  |c DE-603  |d DE-603  |e rda 
041 |a ger 
082 7 |a 338.5  |2 23/eng 
084 |a 330  |q DE-101  |2 sdnb 
084 |a QC 100  |0 (DE-625)141244:  |0 (DE-603)411124374  |2 rvk 
100 1 |a Zuckarelli, Joachim L  |e Verfasser  |4 aut 
245 0 0 |a Mikroökonomik  |b Endlich verständlich erklärt  |c von Joachim L. Zuckarelli 
250 |a 1st ed. 2023 
264 1 |a Wiesbaden  |b Springer Fachmedien Wiesbaden  |c 2023 
264 2 |a Cham  |b Springer International Publishing AG 
300 |a 1 Online-Ressource (XII, 387 Seiten)  |b 87 Abb. 
336 |a Text  |b txt  |2 rdacontent 
337 |a Computermedien  |b c  |2 rdamedia 
338 |a Online-Ressource  |b cr  |2 rdacarrier 
650 7 |a Mikroökonomie  |0 (DE-588)4039225-9  |0 (DE-603)085106909  |2 gnd 
776 0 8 |i Erscheint auch als  |n Druck-Ausgabe  |a Zuckarelli, Joachim L  |t Mikroökonomik  |d Wiesbaden : Springer Fachmedien Wiesbaden, 2023  |z 9783658381998 
776 1 |z 978--365838199-8 
856 |u https://doi.org/10.1007/978-3-658-38200-1  |x Resolving-System 
856 4 2 |m X:DE-He213  |q text/html  |u http://scans.hebis.de/HEBCGI/show.pl?50547515_toc.html  |3 Inhaltsverzeichnis 
856 4 2 |m X:DE-He213  |q text/html  |u http://scans.hebis.de/HEBCGI/show.pl?50547515_aub.html  |3 Ausführliche Beschreibung 
912 |a ZDB-2-SWI 
924 1 |9 603  |a (DE-603)1228321795  |b DE-603  |c HES  |d d 
924 1 |9 603  |a (DE-603)1228321809  |b DE-603  |c HES  |d d 
924 1 |9 603  |a (DE-603)1228321817  |b DE-603  |c HES  |d d 
924 1 |9 603  |a (DE-603)1228321825  |b DE-603  |c HES  |d d 
924 1 |9 603  |a (DE-603)1228321833  |b DE-603  |c HES  |d d 
924 1 |9 603  |a (DE-603)1228321841  |b DE-603  |c HES  |d d 
924 1 |9 603  |a (DE-603)122832185X  |b DE-603  |c HES  |d d 
924 1 |9 603  |a (DE-603)1228321868  |b DE-603  |c HES  |d d 
924 1 |9 603  |a (DE-603)1228321876  |b DE-603  |c HES  |d d 
924 1 |9 603  |a (DE-603)1277163707  |b DE-603  |c HES  |d d 
924 1 |9 603  |a (DE-603)1228321884  |b DE-603  |c HES  |d d 
924 1 |9 603  |a (DE-603)1228321892  |b DE-603  |c HES  |d d